Statistiques concernant Traduction en-fr: the months of year/ les mois de l’année

Cliquez ici pour prendre le quiz!

Statistiques générales

  • Ce quiz a été pris 48 fois
  • Le résultat moyen est 12 sur 12

Statistiques - réponses

Mois en en/ Months in enMois en fr/ Month in fr% Correct
JanuaryJanvier
100%
AprilAvril
97%
DecemberDécembre
97%
FebruaryFévrier
97%
MayMai
97%
MarchMars
97%
NovemberNovembre
97%
OctoberOctobre
97%
SeptemberSeptembre
97%
AugustAoût
94%
JulyJuillet
94%
JuneJuin
94%

Distribution des résultats

Percentile par nombre de réponses

% des personnes avec chaque résultat

Votre développement - résultats

Vous n’avez pas pris ce quiz